00522nam a22001937a 450000500170000001000130001702000230003003500130005303700160006604000120008208200130009410000200010724500620012726000330018927000420022230000200026465000100028465000340029420170124110037.0 aA-993479 c190.00a8187100257 aA-993479 bCen Lib/Ret aDPLbEN a882bSAL aSalvi, Dilip M. aScience is their god and other plays /cby Dilip M. Salvi aNew DelhibOcean Booksc1999 bNew Delhia4/19 Asaf Ali Roade110002 a131p.c21cm(Hb) aPlays aPlay -- Science is their god